000 00366nam a2200133Ia 4500
008 220120s9999||||xx |||||||||||||| ||und||
020 _a9780070153851
082 _a621.381 5 MAH
100 _aMahadevaswamy, U.B
245 0 _aAnalog Electronic Circuits
260 _aPearson
_bNew Delhi
_c2012
300 _axxiv;738
_b495
650 _aELECTRONICS AND COMMUNICATIONS
999 _c132544
_d132544